| 000 | 01580cad a22002895a 4500 | ||
|---|---|---|---|
| 001 | L127998 | ||
| 008 | 041116s2004 xxk 000 0 eng u | ||
| 020 | _a1851127135 | ||
| 035 | _a(Sirsi) u127998 | ||
| 041 | _aeng | ||
| 050 |
_a711.1 _c18 |
||
| 110 |
_aUnited Kingdom _bOffice of the Deputy Prime Minister |
||
| 245 | 0 | 0 |
_aPlanning for waste management facilities _ba research study _h[electronic resource] |
| 260 |
_aLondon _bODPM _c2004 |
||
| 520 | _aThis ODPM commissioned research study examines the planning considerations associated with a wide range of waste management facilities and identifies the information likely to be required by planning authorities in determining planning applications. Part one outlines generic issues facing those involved with planning for waste management and covers current practices, generic planning considerations, national and European policy, future trends, and waste facility options. Part two contains profiles for each kind of waste management facility, all based upon a common format. View at www.odpm.gov.uk. | ||
| 650 | _aWASTE TREATMENT | ||
| 650 | _aMUNICIPAL SOLID WASTE | ||
| 650 | _aPLANNING ISSUES | ||
| 650 | _aWASTE PLANNING | ||
| 650 | _aLANDFILL | ||
| 650 | _aBIOLOGICAL TREATMENTS | ||
| 650 | _aTHERMAL WASTE TREATMENT | ||
| 690 | _aENVIRONMENTAL AND LAND CONSULTANCY-WASTE MANAGEMENT | ||
| 710 |
_aEnviros Consulting _94657 |
||
| 856 |
_uhttps://www.communities.gov.uk/archived/publications/planningandbuilding/planningwaste _zView the report free of charge at www.communities.gov.uk |
||
| 942 | _n0 | ||
| 999 |
_c103854 _d103854 |
||